Hướng dẫn thực hành kế toán, doanh nghiệp kế toán, thuế giá trị gia tăng, sơ đồ hạch toán kế toán /

Uloženo v:
Podrobná bibliografie
Hlavní autor: Võ Văn Nhị, TS
Médium: Kniha
Jazyk:Vietnamese
Vydáno: TKE 2000
Tagy: Přidat tag
Žádné tagy, Buďte první, kdo otaguje tento záznam!
Thư viện lưu trữ: Mạng thư viện Đại học Đà Nẵng
LEADER 00708nam a2200265 4500
001 000028445
003 VO-NZ
005 20150403120000.0
008 150403s vm 000 vie
020 |c 0,0000 
040 |a notts 
100 |a Võ Văn Nhị, TS 
245 |a Hướng dẫn thực hành kế toán, doanh nghiệp kế toán, thuế giá trị gia tăng, sơ đồ hạch toán kế toán /  |c Võ Văn Nhị. 
260 |b TKE  |c 2000 
OWN |a LTT 
999 |a From the UDN01 
TYP |a Monograph 
TYP |a Printed language 
980 |a Mạng thư viện Đại học Đà Nẵng